| 000 | 00883 a2200265 4500 | ||
|---|---|---|---|
| 003 | 0 | ||
| 005 | 20180712170203.0 | ||
| 008 | 080905t xxu||||| |||| 00| 0 eng d | ||
| 010 | _aENG-87543 | ||
| 020 |
_c700.00 _a8189233570 |
||
| 035 | _aEN-71076, B-217908 | ||
| 037 | _bD.B.Act / Pub | ||
| 040 | _c0 | ||
| 082 | _a572.86 | ||
| 245 |
_aGenes, genomes and genomics _cedited by D. Thangadurai..[et.al] |
||
| 260 |
_aNew Delhi _bRegency Publications _c2007 |
||
| 270 |
_a20/36-G, Old Market, West Patel Nagar, _bNew Delhi _e110 008 _k011-42484101, 011-25884571 _mregency@satyam.net.in |
||
| 300 |
_aV.2 (x, 244 p.) _c23 cm. (Hb). |
||
| 500 | _aIncludes bibliographical references and index | ||
| 700 | _aThangadurai, D. | ||
| 700 | _aTang, W. | ||
| 700 | _aPapavassiliou, A. G. | ||
| 700 | _aAnupama, M. | ||
| 942 |
_adpl _cEN _k572.86 / GEN _2ddc _h572.86 _mGEN |
||
| 999 |
_c6660 _d6660 |
||